000 00487 a2200121 4500
001 ART_24046
005 20260410161933.0
008 260409a
245 1 0 _aCreación de empresas, crecimiento en la productividad y cambio estructural como respuesta a una modificación en la política macroeconómica.
100 1 _aKatz, Jorge M.
700 1 _aBernat, Gonzalo
773 0 _tRevista de Economía Política de Buenos Aires
_g- Año 5, Nº 9/10 (nov. 2011)
_wREV23982
999 _c28814
_d28814